LEADER 00956nam0-2200325-i-450- 001 990008039690403321 005 20060224104437.0 035 $a000803969 035 $aFED01000803969 035 $a(Aleph)000803969FED01 035 $a000803969 100 $a19990604d1966----km-y0itay50------ba 101 1 $aita 102 $aIT 105 $ay-------001yy 200 1 $aLettere a Lucilio$fLucio Anneo Seneca$g[traduzione di Giuseppe Monti] 210 $aMilano$cRizzoli$dİ1966 215 $a512 p.$d14 cm 225 1 $aBUR$v2341-2345 500 10$aEpistulae ad Lucilium$m$916771 676 $a876.01 700 1$aSeneca,$bLucius Annaeus$f<5/4 a.C.-65 d.C.>$07130 702 1$aMonti,$bGiuseppe 801 0$aIT$bUNINA$gRICA$2UNIMARC 901 $aBK 912 $a990008039690403321 952 $aP2B-640-BUR-SENECA L.A.-419B-1966$bIst.Fil.Cl.4465$fFLFBC 959 $aFLFBC 996 $aEpistulae ad Lucilium$916771 997 $aUNINA LEADER 01427nam a2200325 i 4500 001 991001120479707536 005 20020507183631.0 008 961024s1990 uk ||| | eng 020 $a052140844X 035 $ab10803725-39ule_inst 035 $aLE01307343$9ExL 040 $aDip.to Matematica$beng 082 0 $a533.7 084 $aAMS 82C40 100 1 $aChapman, Sydney$017700 245 14$aThe mathematical theory of non-uniform gases :$ban account of the kinetic theory of viscosity, thermal conduction, and diffusion in gases /$cSydney Chapman and T. G. Cowling 250 $a3rd ed. /$bprepared in co-operation with D. Burnett 260 $aCambridge :$bCambridge University Press,$c1990 300 $axxiv, 422 p. :$bill. ;$c23 cm. 490 0 $aCambridge mathematical library 500 $aIncludes bibliographical references and indexes. 500 $aReprint. Originally published: Cambridge : Cambridge University Press, 1970 650 4$aKinetic theory of gases 700 1 $aCowling, Thomas George$eauthor$4http://id.loc.gov/vocabulary/relators/aut$0524183 907 $a.b10803725$b23-02-17$c28-06-02 912 $a991001120479707536 945 $aLE013 82C CHA11 (1970)$g1$i2013000063287$lle013$o-$pE0.00$q-$rl$s- $t0$u2$v0$w2$x0$y.i10908092$z28-06-02 996 $aMathematical theory of non-uniform gases$91455786 997 $aUNISALENTO 998 $ale013$b01-01-96$cm$da $e-$feng$guk $h4$i1